00621nam a2200205Ia 4500008004100000020001700041040001400058082001800072100002500090245005000115260004200165300001200207365002700219366000800246440001700254505002000271620002400291630005000315730005000365100315s9999 xx 000 0 und d a8124203385  cENGLISH  b4484 a658  a"Sethi, Subhash C. " a25 Minutes to Enhance Your Performance Review aNew Delhi bIndiana Books  c2003  a96p.   eRupees d1 b50.00  f0  a25 Minutes  gTushar Jadhav  aPrformance Review  a25 Minutes to Enhance Your Performance Review a25 Minutes to Enhance Your Performance Review